MDQL
is popping MORE tags! Check the
thread
!
Quizzes
Events
Quiz Creation
Community
Videos
Private Events
Remove Ads
Sign In
Join for FREE
Feedback
Dark Mode
Quiz Categories
Sports
Geography
Music
Movies
Television
Just For Fun
Miscellaneous
History
Literature
Language
Science
Gaming
Entertainment
Religion
Holiday
For Kids
Quiz Lab
Recent
Popular Today
Quiz Kudos Today
Editor Picks
Curator Picks
Quizzes by...
Day
Popularity
Type
Ratings
Length
Year
Community
Subscriptions
Recent Discussions
Orange Saloon
Badges
Playlists
Quests
Create
Leaderboards
Showdown
Live 5
Trivia Bingo
Activity
Puzzle Library
Sporcle Events
Private Events
Virtual Trivia
Globe League
Become a Host
Pub Owners
SporcleCon
Opinionation
Our Games
Videos
Blog
Mobile Apps
Partnerships
Remove Ads and Go Orange
Feedback
Miscellaneous
Crossword
General Knowledge
Baby Names
Logo
Food
Cars
Numbers
Grab Bag
University
College
Popular
Company
Slogans
Restaurants
Justice
Letter
Miscellaneous
Crossword
General Knowledge
Baby Names
Logo
Food
Cars
Numbers
Grab Bag
University
College
Popular
Company
Slogans
Restaurants
Justice
Letter
Random Quiz
Search Sporcle
×
Quiz Lab
Quiz Lab
Miscellaneous
Word Ladder
Type in answers that appear in a list
Type in answers that appear in a list
Classic
Best Score? Go Orange.
Word Ladder for All Seasons Stats
Can you fill in all the three letter words in this word ladder?
By
raspberrywine
2m
44 Questions
77 Plays
77 Plays
77 Plays
Comments
Comments
Give Quiz Kudos
Give Quiz Kudos
-
- Ratings
hide this ad
Replay
Link that replays current quiz
Next Quiz
Link to next quiz in quiz playlist
You Got
0%
They Got
Avg Score
70%
Avg Friend Score
Upgrade to see
Score Distribution
Jump to the score distribution portion of the page
Score
0/44
Timer
02:00
0
Plays Today
Clue
Answer
% Correct
Not near
Far
92.1%
Evergreen
Fir
85.5%
Lincoln or Ford
Car
84.2%
It's all around you
Air
81.6%
Wrestling surface
Mat
80.3%
Baby dog
Pup
80.3%
Poke
Jab
78.9%
Garfunkel
Art
77.6%
Not in
Out
75%
Start at the first
« Jan »
73.7%
The Third
« Mar »
73.7%
He pities the fool
Mr. T
73.7%
Tree juice
Sap
73.7%
• And back to the start •
« Jan »
73.7%
The Second
« Feb »
72.4%
• The Fifth •
« May »
72.4%
Flat faced dog
Pug
72.4%
Fitting
Apt
72.4%
The Fourth
« Apr »
71.1%
Like the Beatles
Fab
69.7%
Energy
Pep
69.7%
Not old
New
69.7%
Clue
Answer
% Correct
It may be for hire
Cab
68.4%
The Sixth
« Jun »
68.4%
The Ninth
« Sep »
68.4%
Ballerina's hairdo
Bun
67.1%
Milk container
Jug
67.1%
Sooner than ASAP
Now
67.1%
Morning moisture
Dew
67.1%
Abolish
Ban
65.8%
The Seventh
« Jul »
65.8%
The Eighth
« Aug »
65.8%
The Twelfth
« Dec »
65.8%
Bear's lair
Den
65.8%
San Francisco, for one
Bay
64.5%
The Eleventh
« Nov »
64.5%
The Tenth
« Oct »
64.5%
Writing implement
Pen
64.5%
W's brother
Jeb
63.2%
Took a load off
Sat
63.2%
Almond or Filbert
Nut
63.2%
Horse food
Oat
61.8%
Pot partner
Pan
61.8%
90s 'Just kidding!'
Not!
53.9%
Quiz Playlist
Details
Report
Send in Message
Add To Playlist
Classic:
Type in answers that appear in a list
Last Updated: Feb 16, 2017
Quiz Scoreboard
CHALLENGE
Sign Up to Join the Scoreboard
Show All
Scores
Hide
Comments
May contain spoilers
Recently Published
Image Sorting: Flags VI
by Barbecue
Geography
2m
Find the 'City' Movie
by crazypaving
Movies
60s
Colored Red Africa Blitz
by spor1
Geography
45s
More to Explore
Quiz From the Vault
Featured Blog Post
14 Easter Pick-up Lines to Find Eggs With
hide this ad
You Might Also Like...
Tags
Word Ladder Quiz
calendar
Today's Top Quizzes in Miscellaneous
Browse Miscellaneous
hide this ad
Today's Top Quizzes in Word Ladder
Browse Word Ladder
Top Contributed Quizzes in Miscellaneous
1
The JOE quick-fire general knowledge quiz: Day 174
2
5-to-1: Fast Food
3
9x9 Crossword: Disney Movie Titles
4
9x9 Crossword: Charlie and the Chocolate Factory
5
The JOE quick-fire general knowledge quiz: Day 173
6
9x9 Crossword: Actors
7
9x9 Crossword: 2022 Movies
8
9x9 Crossword: The Simpsons
9
9x9 Crossword: Flags
10
9x9 Crossword: Pixar Movie Titles
Explore More
Trending Topics
Kpop
Crossword
Marvel
Anime
NBA
Harry Potter
Disney
Pokémon
Puzzle
Song
WWE
NFL
The Office
Soccer
Country
hide this ad
More By:
raspberrywine
Quiz
Plays
Rating
Category
Featured
Created
MLB Stadium Game
142,085
3.99
Sports
Mar 29, 2012
Baseball positions
528
3.33
Sports
Feb 18, 2016
Name that Cabrera
198
3.33
Sports
Jul 6, 2014
Celebrity Name Ladder
156
4.00
Entertainment
Sep 24, 2011
Word Ladder for All Seasons
77
4.63
Miscellaneous
Jul 6, 2014
Go to Creator's Profile
Score Distribution
Quiz Creator Spotlight
raspberrywine
Follow
Send a Message
Quizzes Created
-
Created Quiz Play Count
-
More By This Creator
Popular Quizzes Today
1
Colored Red Africa Blitz
2
Find the US States - No Outlines Minefield
3
Find the 'City' Movie
4
5x2 Blitz: Bands
5
The Countries of the World
6
Find the US States
7
Find the Countries of Europe - No Outlines Minefield
8
US States
More Miscellaneous Quizzes
Baby Names: Boys (1920s)
Published
Trending Quizzes
Colored Red Europe Blitz I
Colored Red Europe Blitz II
Colored Red Africa Blitz II
Colored Red Europe Blitz III
Colored Red Africa Blitz III
Recently Updated
How Do You Spell That?
pecheneg
Godzilla Movies
pecheneg
Grab Bag: 4-10 Letters
pecheneg
2024 March Madness Bracket
pecheneg
Famous TV Couples
Peacemaker
Champions League XIs: Real Madrid
pecheneg
Largest US Cities 1790-2010
pecheneg
Rides in Walt Disney World
pecheneg
Most Oscar Losses (Acting)
pecheneg
Beyoncé Albums
pecheneg
Trending Topics
Anime
Crossword
Kpop
Disney
Harry Potter
Marvel
NBA
The Office
NFL
Puzzle
Song
Country
Pokémon
WWE
Soccer
Your Account Isn't Verified!
In order to create a playlist on Sporcle, you need to verify the email address you used during registration. Go to your
Sporcle Settings
to finish the process.
Report this User
Report this user for behavior that violates our
Community Guidelines
.
Details:
Send Report
Go to the Sporcle.com Mobile Site →
Comments